Statistiques concernant Culture Générale - Série 696

Cliquez ici pour prendre le quiz!

Statistiques générales

  • Ce quiz a été pris 153 fois
  • Le résultat moyen est 9 sur 10

Statistiques - réponses

QuestionRéponse% Correct
Complétez le titre du roman d'Emile Zola "Au bonheur des ...dames
98%
Quelle chanteuse canadienne interprète les tubes : "S'il suffisait d'aimer" et "On ne change pas" en 1998 ?Céline Dion
96%
Quel est le nom de la fée dans le film d'animation "Peter Pan" de Walt Disney ?Clochette
95%
Quel os, dont le col est fragile, forme le squelette de la cuisse ?fémur
93%
Dans une série télévisée, en quel géant vert se transforme le Docteur David Banner lorsqu'il s'énerve ?Hulk
92%
Aux États-Unis, quel État est le plus important producteur de vin ?Californie
87%
Quel mot italien évoquant les vacances se traduit littéralement par "ne rien faire" ?farniente
84%
Chez l'homme, quel os peut être cervical, lombaire ou sacré ?vertèbre
79%
Dans quelle ville européenne faut-il se rendre pour assister à un match au stade Santiago Bernabeu ?Madrid
78%
Quatre chanteurs portant justaucorps, collants, gants et chapeaux, ce sont les Frères...Jacques
62%

Distribution des résultats

Percentile par nombre de réponses

% des personnes avec chaque résultat

Votre développement - résultats

Vous n’avez pas pris ce quiz